Mīr Amman se ʻAbdulḥaq tak / (Record no. 69302)
[ view plain ]
| 000 -LEADER | |
|---|---|
| fixed length control field | 00607cam a2200205 i 4500 |
| 001 - CONTROL NUMBER | |
| control field | sa 66004263 |
| 003 - CONTROL NUMBER IDENTIFIER | |
| control field | DLC |
| 005 - DATE AND TIME OF LATEST TRANSACTION | |
| control field | 20260227112241.0 |
| 008 - FIXED-LENGTH DATA ELEMENTS--GENERAL INFORMATION | |
| fixed length control field | 850313s1965 pk 000 0 urdo |
| 010 ## - LIBRARY OF CONGRESS CONTROL NUMBER | |
| LC control number | sa 66004263 |
| 025 ## - OVERSEAS ACQUISITION NUMBER | |
| Overseas acquisition number | PL480: P-U-1319 |
| 040 ## - CATALOGING SOURCE | |
| Original cataloging agency | DLC |
| Transcribing agency | DLC |
| Modifying agency | DLC |
| 050 00 - LIBRARY OF CONGRESS CALL NUMBER | |
| Classification number | PK2173 |
| Item number | .A18 1965 |
| 100 1# - MAIN ENTRY--PERSONAL NAME | |
| Personal name | ʻAbdullāh, Sayyid, |
| Dates associated with a name | 1906-1986. |
| 245 10 - TITLE STATEMENT | |
| Title | Mīr Amman se ʻAbdulḥaq tak / |
| Statement of responsibility, etc. | az Sayyid ʻAbdullāh. |
| 260 ## - PUBLICATION, DISTRIBUTION, ETC. | |
| Place of publication, distribution, etc. | Lāhaur : |
| Name of publisher, distributor, etc. | Majlis-i Taraqqī-yi Adab, |
| Date of publication, distribution, etc. | [1965] |
| 300 ## - PHYSICAL DESCRIPTION | |
| Extent | 352 p. ; |
| Dimensions | 21 cm. |
| 546 ## - LANGUAGE NOTE | |
| Language note | In Urdu. |
| 650 #0 - SUBJECT ADDED ENTRY--TOPICAL TERM | |
| Topical term or geographic name entry element | Urdu prose literature |
| General subdivision | History and criticism. |
No items available.